Normal view
MARC view
- Narong chomchalow
Entry Personal Name
001 - CONTROL NUMBER
- control field: 5252
003 - CONTROL NUMBER IDENTIFIER
- control field: OSt
005 - DATE AND TIME OF LATEST TRANSACTION
- control field: 20220829142711.0
008 - FIXED-LENGTH DATA ELEMENTS
- fixed length control field: 220829|| aca||aabn | a|a d
040 ## - CATALOGING SOURCE
- Original cataloging agency: OSt
- Transcribing agency: OSt
100 ## - HEADING--PERSONAL NAME
- Personal name: Narong chomchalow
670 ## - SOURCE DATA FOUND
- Source citation: Work cat.: (OSt)17554: Narong chomchalow, Medicinal and aromatic plants in asia, 1995
